书目信息 |
| 题名: |
千万别当投资白痴
|
|
| 作者: | 山崎元 主编 ;李学奇 译 | |
| 分册: | ||
| 出版信息: | 汕头 汕头大学出版社 2009 |
|
| 页数: | 169页 | |
| 开本: | 24cm | |
| 丛书名: | 文轩财经·财富人生系列 | |
| 单 册: | ||
| 中图分类: | F830.59 | |
| 科图分类: | ||
| 主题词: | 投资--通俗读物 , 投资 | |
| 电子资源: | ||
| ISBN: | 978-7-81120-642-5 | |
| 000 | 01047oam2 2200289 45 | |
| 001 | 1029810624 | |
| 005 | 20100428150530.87 | |
| 010 | @a978-7-81120-642-5@dCNY26.00 | |
| 100 | @a20100419d2009 em y0chiy50 ea | |
| 101 | 0 | @achi |
| 102 | @aCN@b440000 | |
| 105 | @ay z 000yy | |
| 106 | @ar | |
| 200 | 1 | @a千万别当投资白痴@AQian Wan Bie Dang Tou Zi Bai Chi@e识破18种常见的金融陷阱@EShi Po 18 Zhong Chang Jian De Jin Rong Xian Jing@f(日) 山崎元主编@F( Ri ) Shan Qi Yuan Zhu Bian@g李学奇译 |
| 210 | @a汕头@c汕头大学出版社@d2009 | |
| 215 | @a169页@d24cm | |
| 225 | 2 | @a文轩财经·财富人生系列 |
| 330 | @a本书通过19个正确的质问和7个独家投资秘诀,向读者介绍了18种常见的金融陷阱。 | |
| 461 | 0 | @12001 @a文轩财经·财富人生系列 |
| 517 | 1 | @a识破18种常见的金融陷阱@AShi Po 18 Zhong Chang Jian De Jin Rong Xian Jing |
| 606 | 0 | @a投资@j通俗读物 |
| 606 | 0 | @a投资 |
| 690 | @aF830.59@v4 | |
| 701 | 0 | @a山崎元@AShan Qi Yuan@4主编 |
| 702 | 0 | @a李学奇@ALi Xue Qi@4译 |
| 801 | 0 | @aCN@bTANGWEI@c20100428 |
| 905 | @b0592531-34@dF830.59@e192@f4 | |
| 千万别当投资白痴:识破18种常见的金融陷阱/(日) 山崎元主编/李学奇译.-汕头:汕头大学出版社,2009 |
| 169页;24cm.-(文轩财经·财富人生系列) |
| ISBN 978-7-81120-642-5:CNY26.00 |
| 本书通过19个正确的质问和7个独家投资秘诀,向读者介绍了18种常见的金融陷阱。 |
| ● |
| 相关链接 |
|
|
|
|
正题名:千万别当投资白痴
索取号:F830.59/192
 
预约/预借
| 序号 | 登录号 | 条形码 | 馆藏地/架位号 | 状态 | 备注 |
| 1 | 0592531 | 205925310 | 第一样本阅览室/ [索取号:F830.59/192] | 在馆 | |
| 2 | 0592532 | 205925329 | 第一借阅区/ [索取号:F830.59/192] | 在馆 | |
| 3 | 0592533 | 205925338 | 第一借阅区/ [索取号:F830.59/192] | 在馆 | |
| 4 | 0592534 | 205925347 | 第一借阅区/ [索取号:F830.59/192] | 在馆 |